Statistics for City Nicknames - North Carolina

Click here to take the quiz!

General Stats

  • This quiz has been taken 36 times
  • The average score is 7 of 10

Answer Stats

HintAnswer% Correct
The Queen CityCharlotte
90%
The BoroGreensboro
86%
The Port CityWilmington
79%
Twin CityWinston Salem
76%
City of OaksRaleigh
72%
Bull CityDurham
69%
Land of the SkyAsheville
62%
Home Furnishing Capital of the WorldHigh Point
62%
B-TownBurlington
52%
Peak CityApex
31%

Score Distribution

Percentile by Number Answered

Percent of People with Each Score

Your Score History

You have not taken this quiz